K problémom výskumu spoločenskej zodpovednosti (nielen) podnikov

Oblasti súčasného záujmu vo výskume spoločenskej zodpovednosti podnikov. Netradičné pohľady na podnikanie objavujúce sa v súvislosti s výskumom spoločenskej zodpovednosti podnikov. Námety na nové výskumné problémy v oblasti spoločenskej zodpovednosti.

Gespeichert in:
Bibliographische Detailangaben
1. Verfasser: Porvazník, Ján
Format: Buchkapitel
Sprache:Slowakisch
Schlagworte:
Tags: Tag hinzufügen
Keine Tags, Fügen Sie das erste Tag hinzu!

MARC

LEADER 00000nla$a2200000$$$4500
001 0087317
005 20240502072000.0
041 0 |a slo 
044 |a SK 
245 1 0 |a K problémom výskumu spoločenskej zodpovednosti (nielen) podnikov  |c Ján Porvazník 
520 |a Oblasti súčasného záujmu vo výskume spoločenskej zodpovednosti podnikov. Netradičné pohľady na podnikanie objavujúce sa v súvislosti s výskumom spoločenskej zodpovednosti podnikov. Námety na nové výskumné problémy v oblasti spoločenskej zodpovednosti. 
610 2 0 |a zodpovednosť spoločenská 
610 2 0 |a podnik 
610 2 0 |a podnikanie 
610 2 0 |a osoby fyzické 
610 2 0 |a etika 
610 2 0 |a ochrana prírody 
610 2 0 |a kvalita života 
610 2 0 |a politika sociálna 
610 2 0 |a výskum 
100 1 |a Porvazník, Ján